00969nam a2200217 a 450000100100000000500170001000800410002704000250006804100380009308200160013110000360014724000600018324501130024326000350035630000290039149000550042050400740047553401180054970000290066783000550069600001905020200929165918.0100524s1973 ag 000 0 spa d aDO-SdBNPbspacBNPHU17aspaheng2Código de idioma MARC annnnbP462p1 aPerry, Ralph Barton,d1876-195714aThe thought and character of William James.lEspañol.13aEl pensamiento y la personalidad de William James /cRalph Barton Perry ; traducción de Eduardo J. Prieto. aBuenos Aires :bPaidos,c1973. a[1-16], 413 p. ;c23 cm.1 aBiblioteca de historia de la psicología Paidós aIncluye referencias bibliográficas y notas al pie de las páginas. pTítulo original en inglés:tThe thought and character of William James,cCambridge : Harvard Univesrity, 19481 aPrieto, Eduardo J.,etr. 0aBiblioteca de historia de la psicología Paidós